000 00549nam a2200193Ia 4500
003 GCL
008 140319s9999 xx 000 0 ara d
040 _aGCL /
_cGCL
082 0 4 _aط
_b813.1
_bد ع
100 1 _aدار الشروق
245 1 0 _aالعالم بندق جاليليو /
_cدار الشروق
490 _aعالم ديزنى
_v0
650 0 4 _aالقصص القصيرة
650 0 4 _aالاطفال
650 0 4 _aقصص الاطفال
650 0 4 _aالمغامرات
650 0 4 _aقصص المغامرات
942 _2ddc
_cBK
999 _c51238
_d51238